Statistics for Harry Potter OWL system

Click here to take the quiz!

General Stats

  • This quiz has been taken 6,320 times
  • The average score is 5 of 8

Answer Stats

HintAnswer% Correct
OOUTSTANDING
89%
TTroll
76%
AAcceptable
70%
O.W.L stands for..?Ordinary Wizarding Level
70%
PPoor
66%
EExceeds Expectations
63%
DDreadful
56%
N.E.W.T. stands for..?Nastily Exhausting Wizarding Tests
26%

Score Distribution

Percentile by Number Answered

Percent of People with Each Score

Your Score History

You have not taken this quiz